Bioorganic Chemistry. A Chemical Approach to Enzyme Action /
Gespeichert in:
| 1. Verfasser: | |
|---|---|
| Format: | Buch |
| Sprache: | Englisch |
| Veröffentlicht: |
New York :
Springer Verlag,
1996
|
| Ausgabe: | 3rd Edition |
| Schriftenreihe: | Springer Advanced Texts in Chemistry
|
| Tags: |
Keine Tags, Fügen Sie das erste Tag hinzu!
|
MARC
| LEADER | 00000nam a22000003a 4500 | ||
|---|---|---|---|
| 001 | stu14888 | ||
| 005 | 20150617225800.4 | ||
| 008 | 970626s1996----xxu-----------------eng-d | ||
| 020 | |a 0-387-94494-X | ||
| 040 | |a STU |b slo | ||
| 041 | 0 | |a eng | |
| 044 | |a xxu | ||
| 080 | |a 577.15 | ||
| 100 | 1 | |a Dugas, Hermann |4 aut | |
| 245 | 1 | |a Bioorganic Chemistry. A Chemical Approach to Enzyme Action / |c [aut.]Dugas,Hermann | |
| 250 | |a 3rd Edition | ||
| 260 | |a New York : |b Springer Verlag, |c 1996 | ||
| 300 | |a 700 s : |b Obr.,tab.,grafy,lit.,index | ||
| 830 | 0 | |a Springer Advanced Texts in Chemistry | |
| 996 | |b C94788 |c C*94788 |l CCIV |s P |a 0 |w stu14888_0001 | ||